Công nghệ sản xuất Enzym, Protein và ứng dụng

Salvato in:
Dettagli Bibliografici
Natura: Sách
Lingua:Undetermined
Pubblicazione:  Giáo dục Việt Nam  2012
Soggetti:
Tags: Aggiungi Tag
Nessun Tag, puoi essere il primo ad aggiungerne! !
Thư viện lưu trữ: Trung tâm Thư viện - Trường Đại học Công nghiệp TP. Hồ Chí Minh
LEADER 00478nam a2200133Ia 4500
001 UIH_03579
008 231011s9999 xx 000 0 und d
082 |a  660.634 
245 0 |a  Công nghệ sản xuất Enzym, Protein và ứng dụng 
260 |b  Giáo dục Việt Nam 
260 |c  2012 
650 |a  Enzym; Protein; Công nghệ sinh học;  
927 |a Sách 
980 |a Trung tâm Thư viện - Trường Đại học Công nghiệp TP. Hồ Chí Minh